|
|
|
|
| LEADER |
00000nab a2200000 a 4500 |
| 001 |
vtls000486361 |
| 003 |
SK-MaSNL |
| 005 |
20260318124825.0 |
| 008 |
160202c1993 xo 0 hun |
| 015 |
|
|
|a SNBRB19rr/mm-uuuuu
|
| 035 |
|
|
|a CL0486498
|
| 040 |
|
|
|a SNKBUCL
|b slo
|c SNKBUCL
|e AACR2
|
| 041 |
0 |
|
|a hun
|
| 044 |
|
|
|a xo
|c SK
|
| 080 |
|
|
|a 78.091.4:783
|2 1981
|
| 080 |
|
|
|a 783
|2 1981
|
| 080 |
|
|
|a 78.087.684(437.6=945.11)
|2 1981
|
| 100 |
1 |
|
|a Horváth, Géza,
|d 1951-
|4 aut
|9 88332
|
| 245 |
1 |
0 |
|a Öt nap Loretóban
|b Élménybeszámoló a Szlovákiai Magyar Pegadógusok Kórusának olaszországi útjáról
|c Géza Horváth
|
| 300 |
|
|
|b Fotogr. 1
|
| 610 |
2 |
7 |
|a Spevácky zbor maďarských učiteľov na Slovensku
|2 snkbucl
|9 33664
|
| 650 |
0 |
7 |
|a cirkevná hudba
|2 snkbucl
|9 1748
|
| 650 |
0 |
7 |
|a zborový spev
|2 snkbucl
|9 3196
|
| 655 |
|
7 |
|a články z novín a časopisov
|2 snkbucl
|9 267496
|
| 773 |
0 |
|
|t Vasárnap
|g Roč. 26, č. 19 (1993), s. 7
|
| 850 |
|
|
|a Slovenská národná knižnica v Martine
|a DSG001
|
| 852 |
|
|
|a SNK
|b KIS3GCP
|
| 958 |
|
|
|a RK
|
| 958 |
|
|
|a HU
|
| 992 |
|
|
|a RBX
|
| 999 |
|
|
|c 2575684
|d 2577614
|